000
00266nam a2200109 a 4500
005
20140414131938.0
008
110125s19uu xx 00 eng d
050
_a
ER
_b
C28 2001
100
_a
Postgate, Daniel
245
_a
Cats, dogs and crocodiles.
999
_c
112505
_d
112505